| 000 | 00935nam a22002537a 4500 | ||
|---|---|---|---|
| 999 |
_c14535 _d14535 |
||
| 003 | AR-CdUCM | ||
| 008 | 190423b ||||| |||| 00| 0 spa d | ||
| 020 | _a978-9974-738-74-4 | ||
| 040 |
_aMUNICIPALIDAD PROVINCIAL DEL CUSCO _cBIBLIOTECA MUNICIPAL DEL CUSCO |
||
| 041 | _hspa | ||
| 082 |
_aES / 803 / _bB82 |
||
| 100 |
_aBrezenoff, Steve _933219 |
||
| 245 | _aNo hay lugar como el hogar / | ||
| 260 |
_aMontevideo : _bLatinbooks, _c2016. |
||
| 300 |
_a86 páginas ; _bIlustraciones, _c20 cm. |
||
| 500 | _aAntes del Titulo: Bienvenidos a Ravens Pass. | ||
| 505 | _aContenido: Comenzar de cero -- No cede -- La habitación de Jay -- La habitación de Theresa -- Garras de Hierro ... | ||
| 650 |
_aCuentos de Terror | Vampiros _933346 |
||
| 650 |
_aNarración juvenil _933220 |
||
| 700 |
_aPinelli, Amerigo (ilustración) _933223 |
||
| 710 |
_aLatinbooks (traductor) _933224 |
||
| 942 |
_2ddc _cLIBROS |
||
| 945 |
_acmm _d2019-04-23 |
||